MY TOP 10 FAVOURITE OFFLINE GAMES! - Statistics

General Stats
  • This quiz has been taken 11 times
  • The average score is 7 of 11
Answer Stats
Hint Answer % Correct
Do not touch the floor Floor is lava
80%
Ready or not here I come! Hide-and-seek
80%
Music game with chairs Musical chairs
80%
Bingo! Bingo
70%
Invented from India Chess
70%
Draw a picture Pictionary
70%
Run away from person you said "goose" to Duck Duck Goose
60%
2 + 2 + square 4 Square
50%
Similar to answer of question 1 Checkers
50%
What is my name? Guess Who
50%
Keep the baloon up Keepie Uppies
20%
No matching quizzes found
Score Distribution
Percent of People with Each Score
Percentile by Number Answered
Your Score History
You have not taken this quiz